000
00273nam a2200121 a 4500
008
100917s1965|||| d
245
1
0
_a
Elias Portolu
100
1
_a
Deledda, Grazia
260
_b
SVKL
_a
Bratislava
_c
1965
020
_c
9,50
044
_a
xo
_c
SK
041
_a
slo
999
_c
10463
_d
10463